000 01002nam1a22002531i 4500
001 v19\rc\1510923
005 20240726012749.0
035 _a(NLR Aleph) 004635766
090 _a3227498
_c3227498
100 _a20060620d1884 |||y0rusy50 ca
101 0 _arus
102 _aRU
105 _ay z |||||
200 1 _aО необходимости причащения св. Таин по чину православной церкви
_eПоучение 2-
210 _aСаратов
_cтип. Киммель и К°
_dценз. 1884
215 _d24
300 _aПрил. к № 21-му, № 22-му, № 23-му "Сарат. епарх. вед." за 1884 г.
309 _aБез тит. л. и обл.
532 1 2 _aО необходимости причащения святых Таин по чину православной церкви
801 0 _aRU
_bNLR
_gpsbo
801 0 _aRU
_bRuMoRGB
_2psbo
801 1 _aRU
_bProSoft-M
_2rusmarc
852 _aNLR
_jШифры разные
942 _cBOOK